00449nam a22001577a 450000500170000000800410001702000180005804100120007608200140008810000120010224500630011425000180017726000430019530000280023865000250026620241120104508.0241120b |||||||| |||| 00| 0 eng d a9780409121971 aEnglish a346.6 SON lEnglish aUnjustified Enrichment in South African Law /cJC Sonnekus aFirst Edition aDurban: bLexisNexis (Pty) Ltd, c2008 bx, 637 pages; c25 cm.  aLegal practice bLaw